[Event "Winnipeg TNT August op"]
[Site "Winnipeg CAN"]
[Date "2009.08.11"]
[Round "2.4"]
[White "Kernetsky, Myron"]
[Black "De Groot, Steven"]
[Result "1-0"]
[WhiteElo "2009"]
[BlackElo "1680"]
[PlyCount "97"]
[GameId "2160767910093370"]
[EventDate "2009.08.04"]
[EventType "swiss"]
[EventRounds "4"]
[EventCountry "CAN"]

1. d4 d5 2. Nf3 Nf6 3. e3 e6 4. Bd3 Bd6 5. Nbd2 O-O 6. b3 b6 7. Qe2 Bb7 8. Bb2 a5 9. a3 Nbd7 10. O-O Ne4 11. Ne5 f5 12. f3 Nxd2 13. Qxd2 Nxe5 14. dxe5 Be7 15. Qe2 f4 16. exf4 Bc5+ 17. Kh1 Rxf4 18. g3 Rf8 19. Qg2 Qd7 20. Qh3 g6 21. Rae1 Rae8 22. Qg4 Qf7 23. Kg2 Kg7 24. Bc1 h5 25. Qg5 Rh8 26. Qh4 Be7 27. Bg5 Bxg5 28. Qxg5 h4 29. g4 d4 30. Be4 Bxe4 31. Rxe4 c5 32. Rf4 Qe7 33. Rf6 Rh6 34. Re1 Qd7 35. Re4 Re7 36. Kh3 Qb5 37. Kg2 Qe8 38. a4 Rf7 39. Ref4 Rxf6 40. exf6+ Kh7 41. f7 Qf8 42. Kh3 Kg7 43. Qe5+ Kh7 44. Qxe6 g5 45. Qe4+ Kg7 46. Rf5 Rf6 47. Rxg5+ Kxf7 48. Qb7+ Ke6 49. Qd5+ 1-0

[Event "Winnipeg TNT August op"]
[Site "Winnipeg CAN"]
[Date "2009.08.11"]
[Round "2.4"]
[White "Klokow, John"]
[Black "Swift, Ryne"]
[Result "0-1"]
[WhiteElo "1774"]
[BlackElo "1779"]
[PlyCount "97"]
[GameId "2160767910093371"]
[EventDate "2009.08.04"]
[EventType "swiss"]
[EventRounds "4"]
[EventCountry "CAN"]

1. e4 e5 2. Nf3 Nc6 3. Bb5 a6 4. Ba4 Nf6 5. O-O b5 6. Bb3 Be7 7. Re1 O-O 8. a4 Bb7 9. c3 d6 10. d3 h6 11. Nbd2 Qd7 12. Nf1 Rfe8 13. Ng3 Bf8 14. Nf5 Ne7 15. N3h4 Nxf5 16. Nxf5 d5 17. Qf3 Re6 18. Ne3 c6 19. exd5 cxd5 20. Nf5 Qc7 21. Qg3 Kh8 22. axb5 axb5 23. Rxa8 Bxa8 24. Be3 Ne8 25. Ra1 Qc8 26. d4 Ra6 27. Rxa6 Qxa6 28. Bc1 Qa1 29. Qe3 Qb1 30. g4 Nf6 31. f3 e4 32. Kg2 exf3+ 33. Kxf3 Qe4+ 34. Qxe4 dxe4+ 35. Kg3 Nd5 36. Bxd5 Bxd5 37. Bf4 b4 38. Ne3 Bb7 39. c4 Kg8 40. d5 Be7 41. Bc7 Bc5 42. Ng2 Kf8 43. Kf4 b3 44. Kxe4 f6 45. Nf4 Ke7 46. Ne6 Ba3 47. Nd4 Bxb2 48. Nxb3 Ba3 49. Kd4 0-1

[Event "Winnipeg TNT August op"]
[Site "Winnipeg CAN"]
[Date "2009.08.11"]
[Round "2.4"]
[White "Lauritson, Jim"]
[Black "Iomdina, Alexander"]
[Result "1-0"]
[WhiteElo "1939"]
[BlackElo "1262"]
[PlyCount "51"]
[GameId "2160767910093372"]
[EventDate "2009.08.04"]
[EventType "swiss"]
[EventRounds "4"]
[EventCountry "CAN"]

1. d4 d5 2. c4 e6 3. Nc3 Nf6 4. cxd5 Nxd5 5. e4 Nb6 6. Nf3 Nc6 7. Be2 a6 8. O-O Bb4 9. a3 Bxc3 10. bxc3 O-O 11. c4 Na4 12. Qxa4 Nxd4 13. Qd1 Nxe2+ 14. Qxe2 Bd7 15. Bb2 b5 16. Rfd1 Rb8 17. Ne5 Rb7 18. Nxd7 Qe7 19. Nxf8 Qxf8 20. Rd7 bxc4 21. Rad1 Rb8 22. Bc3 h6 23. Qxc4 Qxa3 24. Qxc7 Qb3 25. Qg3 Rb7 26. Qxg7# 1-0

[Event "Winnipeg TNT August op"]
[Site "Winnipeg CAN"]
[Date "2009.08.11"]
[Round "2.4"]
[White "Letain, Cory"]
[Black "Gibbons, Lorne"]
[Result "1/2-1/2"]
[WhiteElo "1622"]
[BlackElo "1238"]
[PlyCount "88"]
[GameId "2160767910093373"]
[EventDate "2009.08.04"]
[EventType "swiss"]
[EventRounds "4"]
[EventCountry "CAN"]

1. d4 d5 2. c4 e6 3. e3 Bd7 4. Nc3 Bb4 5. Bd2 Bxc3 6. Bxc3 Nf6 7. Qc2 Ne4 8. Bd3 Nxc3 9. bxc3 g6 10. Nf3 dxc4 11. Bxc4 Nc6 12. O-O Qe7 13. Rab1 Na5 14. Ne5 Nxc4 15. Nxc4 b6 16. Ne5 a5 17. Nxd7 Qxd7 18. Qe4 Qd5 19. Qxd5 exd5 20. Rb5 Rd8 21. c4 dxc4 22. Rc1 O-O 23. Rxc4 Rc8 24. h4 f5 25. Re5 Kg7 26. Rc6 Rf7 27. d5 Rd8 28. f4 Rd6 29. Rxd6 cxd6 30. Re6 Rd7 31. e4 fxe4 32. Rxe4 Kf7 33. Rc4 Rb7 34. a4 Ke7 35. Kf2 Kd7 36. Ke3 Rc7 37. Kd4 h5 38. g3 Rc5 39. Rxc5 bxc5+ 40. Kc4 Kc7 41. Kb5 Kd7 42. Kxa5 Kc7 43. Kb5 Kb7 44. a5 Kc7 1/2-1/2

[Event "Winnipeg TNT August op"]
[Site "Winnipeg CAN"]
[Date "2009.08.11"]
[Round "2.4"]
[White "Raihman, Igal"]
[Black "Milord, Frank"]
[Result "1-0"]
[WhiteElo "1905"]
[BlackElo "1647"]
[PlyCount "37"]
[GameId "2160767910093375"]
[EventDate "2009.08.04"]
[EventType "swiss"]
[EventRounds "4"]
[EventCountry "CAN"]

1. e4 d6 2. d4 Nf6 3. Nc3 g6 4. Nf3 Bg7 5. Bg5 O-O 6. Qd2 c5 7. O-O-O Qa5 8. Bc4 Nc6 9. d5 Qb4 10. Bd3 Nd4 11. a3 Nxf3 12. gxf3 Qa5 13. Bh6 Bxh6 14. Qxh6 Bd7 15. h4 b5 16. h5 c4 17. e5 cxd3 18. exf6 Bf5 19. Qg7# 1-0

[Event "Winnipeg TNT August op"]
[Site "Winnipeg CAN"]
[Date "2009.08.18"]
[Round "3"]
[White "Boron, Anthony"]
[Black "Kaptsan, Aron"]
[Result "0-1"]
[WhiteElo "2015"]
[BlackElo "2027"]
[PlyCount "64"]
[GameId "2160767910093376"]
[EventDate "2009.08.04"]
[EventType "swiss"]
[EventRounds "4"]
[EventCountry "CAN"]
[SourceTitle "EXT 2011"]
[Source "ChessBase"]
[SourceDate "2011.11.26"]
[SourceVersion "1"]
[SourceVersionDate "2011.11.26"]
[SourceQuality "1"]

1. d4 d5 2. Nf3 Nf6 3. c4 e6 4. Nc3 Bb4 5. cxd5 exd5 6. Qa4+ Nc6 7. Ne5 Bd7 8. Nxc6 Bxc3+ 9. bxc3 Bxc6 10. Qb3 O-O 11. Bg5 Qd6 12. g3 h6 13. Bf4 Qd7 14. Bg2 Rfe8 15. Be5 Ne4 16. h4 Qf5 17. f3 Nd6 18. Qb1 Qd7 19. Bh3 Qe7 20. O-O Nc4 21. Bf4 Qxe2 22. Rf2 Qe7 23. Bf5 b6 24. g4 Nd6 25. Bh7+ Kh8 26. g5 h5 27. Bd3 Bd7 28. Qc2 Qe6 29. Re2 Qh3 30. Bxd6 cxd6 31. Rae1 Qg3+ 32. Kf1 Bh3+ 0-1

[Event "Winnipeg TNT August op"]
[Site "Winnipeg CAN"]
[Date "2009.08.18"]
[Round "3"]
[White "Campbell, Gary"]
[Black "Villeneuve, Justin"]
[Result "1-0"]
[WhiteElo "1651"]
[BlackElo "1306"]
[PlyCount "73"]
[GameId "2160767910093377"]
[EventDate "2009.08.04"]
[EventType "swiss"]
[EventRounds "4"]
[EventCountry "CAN"]
[SourceTitle "EXT 2011"]
[Source "ChessBase"]
[SourceDate "2011.11.26"]
[SourceVersion "1"]
[SourceVersionDate "2011.11.26"]
[SourceQuality "1"]

1. d4 Nf6 2. c4 e6 3. Nc3 Nc6 4. Bg5 Be7 5. e3 O-O 6. Nf3 d5 7. a3 dxc4 8. Bxc4 h6 9. Bh4 Nd5 10. Bxe7 Qxe7 11. O-O Nxc3 12. bxc3 e5 13. Qc2 exd4 14. cxd4 g6 15. Bd3 Bg4 16. Nd2 Qg5 17. Ne4 Qe7 18. Nc5 Rab8 19. Rfb1 b6 20. Na6 Rb7 21. Qxc6 Rbb8 22. Nxb8 Rxb8 23. Rc1 Rc8 24. Ba6 Rd8 25. Qxc7 Qxc7 26. Rxc7 Rd5 27. Bc4 Rf5 28. h3 Bh5 29. g4 Bxg4 30. hxg4 Rg5 31. Rxf7 Kh8 32. Kf1 Rxg4 33. Ke2 a5 34. Rb1 Re4 35. Rxb6 Re8 36. Rbb7 h5 37. Rh7# 1-0

[Event "Winnipeg TNT August op"]
[Site "Winnipeg CAN"]
[Date "2009.08.18"]
[Round "3"]
[White "Crawford, Gary"]
[Black "Lauritson, Jim"]
[Result "0-1"]
[WhiteElo "1385"]
[BlackElo "1939"]
[PlyCount "72"]
[GameId "2160767910093378"]
[EventDate "2009.08.04"]
[EventType "swiss"]
[EventRounds "4"]
[EventCountry "CAN"]
[SourceTitle "EXT 2011"]
[Source "ChessBase"]
[SourceDate "2011.11.26"]
[SourceVersion "1"]
[SourceVersionDate "2011.11.26"]
[SourceQuality "1"]

1. e4 c5 2. Nf3 e6 3. d4 cxd4 4. Nxd4 Nf6 5. Nc3 Nc6 6. Bg5 d6 7. Nxc6 bxc6 8. e5 dxe5 9. Qxd8+ Kxd8 10. O-O-O+ Kc7 11. Bc4 Nd5 12. Bd2 Be7 13. Ne2 Bc5 14. Ng3 f6 15. Rhf1 Bb6 16. Rde1 Bd7 17. Nh5 Raf8 18. f4 g6 19. Ng3 exf4 20. Bxf4+ Nxf4 21. Rxf4 e5 22. Rf3 Bg4 23. Rff1 Kd6 24. Ne4+ Ke7 25. h3 Be6 26. Bxe6 Kxe6 27. c4 Bd4 28. b4 f5 29. Nc5+ Bxc5 30. bxc5 Rd8 31. Rd1 Ke7 32. Rfe1 Rxd1+ 33. Rxd1 Rd8 34. Re1 Ke6 35. Kc2 e4 36. g4 Ke5 0-1

[Event "Winnipeg TNT August op"]
[Site "Winnipeg CAN"]
[Date "2009.08.18"]
[Round "3"]
[White "De Groot, Steven"]
[Black "Letain, Cory"]
[Result "1-0"]
[WhiteElo "1680"]
[BlackElo "1622"]
[PlyCount "85"]
[GameId "2160767910093379"]
[EventDate "2009.08.04"]
[EventType "swiss"]
[EventRounds "4"]
[EventCountry "CAN"]
[SourceTitle "EXT 2011"]
[Source "ChessBase"]
[SourceDate "2011.11.26"]
[SourceVersion "1"]
[SourceVersionDate "2011.11.26"]
[SourceQuality "1"]

1. e4 e5 2. Nf3 Nf6 3. Nxe5 d6 4. Nf3 Nxe4 5. d4 d5 6. Bd3 Nc6 7. h3 Bd6 8. O-O O-O 9. c4 Nf6 10. Bg5 dxc4 11. Bxc4 Re8 12. Nc3 Bf5 13. Nd5 Be7 14. Nxe7+ Qxe7 15. Re1 Qb4 16. Ne5 Nxe5 17. dxe5 Ne4 18. Rxe4 Bxe4 19. Qd4 Qa5 20. Qxe4 Rxe5 21. Qxb7 Rae8 22. Qf3 Rf5 23. Qc6 Qe5 24. Be3 Rf6 25. Qd7 Re7 26. Qd8+ Re8 27. Rd1 h6 28. Qd7 Re7 29. Qc8+ Kh7 30. Bd3+ g6 31. Qf8 Re8 32. Qxh6+ Kg8 33. Bc4 c5 34. Rd7 Qxb2 35. Bxf7+ Rxf7 36. Qxg6+ Qg7 37. Qxg7+ Rxg7 38. Rxg7+ Kxg7 39. Bxc5 a6 40. g4 Rc8 41. Be3 Rc2 42. a3 Rc3 43. Bd4+ 1-0

[Event "Winnipeg TNT August op"]
[Site "Winnipeg CAN"]
[Date "2009.08.18"]
[Round "3"]
[White "Einarsson, Ken"]
[Black "Kernetsky, Myron"]
[Result "0-1"]
[WhiteElo "1768"]
[BlackElo "2009"]
[PlyCount "94"]
[GameId "2160767910093380"]
[EventDate "2009.08.04"]
[EventType "swiss"]
[EventRounds "4"]
[EventCountry "CAN"]
[SourceTitle "EXT 2011"]
[Source "ChessBase"]
[SourceDate "2011.11.26"]
[SourceVersion "1"]
[SourceVersionDate "2011.11.26"]
[SourceQuality "1"]

1. d4 Nf6 2. c4 e6 3. Nc3 Bb4 4. Bd2 O-O 5. Nf3 d5 6. e3 Nbd7 7. cxd5 exd5 8. Qb3 Bxc3 9. Bxc3 Re8 10. Bd3 c6 11. O-O Ne4 12. Qc2 Ndf6 13. Ne5 Be6 14. Be1 Rc8 15. f3 Nd6 16. Bh4 h6 17. Rac1 Rc7 18. Qa4 a6 19. Qa5 Rce7 20. Qxd8 Rxd8 21. Bxa6 Ra8 22. Bxb7 Rxb7 23. Nxc6 Rxa2 24. b4 Nc4 25. Rf2 Rxf2 26. Kxf2 Rb6 27. Na5 Rxb4 28. Nxc4 dxc4 29. Bxf6 gxf6 30. e4 Bd7 31. Rc3 Kf8 32. g4 Ke7 33. h4 Bb5 34. Ke3 Kd6 35. f4 Rb1 36. g5 fxg5 37. fxg5 hxg5 38. hxg5 Rg1 39. Kf4 Rd1 40. Ke3 Rh1 41. Kf4 Rb1 42. Ke3 Rb3 43. Kd2 Rxc3 44. Kxc3 Bc6 45. Kxc4 Bxe4 46. d5 Bxd5+ 47. Kd4 Ke6 0-1

[Event "Winnipeg TNT August op"]
[Site "Winnipeg CAN"]
[Date "2009.08.18"]
[Round "3"]
[White "Evans, Brian"]
[Black "Raihman, Igal"]
[Result "0-1"]
[WhiteElo "1579"]
[BlackElo "1905"]
[PlyCount "56"]
[GameId "2160767910093381"]
[EventDate "2009.08.04"]
[EventType "swiss"]
[EventRounds "4"]
[EventCountry "CAN"]
[SourceTitle "EXT 2011"]
[Source "ChessBase"]
[SourceDate "2011.11.26"]
[SourceVersion "1"]
[SourceVersionDate "2011.11.26"]
[SourceQuality "1"]

1. e4 c5 2. Nf3 d6 3. d4 cxd4 4. Nxd4 Nf6 5. Nc3 a6 6. Be2 e6 7. Be3 Be7 8. f3 Nc6 9. Nxc6 bxc6 10. O-O O-O 11. Qd2 d5 12. e5 Nd7 13. f4 Rb8 14. b3 f6 15. Bg4 Nb6 16. Qf2 fxe5 17. Bxb6 Rxb6 18. Na4 Rb8 19. Qd2 e4 20. Qc3 Bf6 21. Qxc6 Bd4+ 22. Kh1 Bxa1 23. Bxe6+ Bxe6 24. Qxe6+ Kh8 25. Rxa1 Rxf4 26. Qe5 Qf8 27. h3 Re8 28. Qxd5 e3 0-1

[Event "Winnipeg TNT August op"]
[Site "Winnipeg CAN"]
[Date "2009.08.18"]
[Round "3"]
[White "Iomdina, Alexander"]
[Black "Goodman, Clifford"]
[Result "0-1"]
[WhiteElo "1262"]
[BlackElo "1678"]
[PlyCount "90"]
[GameId "2160767910093382"]
[EventDate "2009.08.04"]
[EventType "swiss"]
[EventRounds "4"]
[EventCountry "CAN"]
[SourceTitle "EXT 2011"]
[Source "ChessBase"]
[SourceDate "2011.11.26"]
[SourceVersion "1"]
[SourceVersionDate "2011.11.26"]
[SourceQuality "1"]

1. d4 Nf6 2. c4 g6 3. Nc3 d5 4. Bg5 c6 5. c5 Bg7 6. e3 O-O 7. Bd3 Nbd7 8. Nf3 Qe8 9. O-O e5 10. Bxf6 Bxf6 11. dxe5 Nxe5 12. Nxe5 Qxe5 13. e4 d4 14. Ne2 Qxc5 15. Rc1 Qb6 16. b3 a5 17. a4 Be6 18. Rb1 Rfe8 19. Nf4 Rad8 20. Nxe6 Rxe6 21. f4 c5 22. Bc4 Rxe4 23. Qc2 Re3 24. Rfe1 Rde8 25. Qd2 Qd6 26. g3 Qe7 27. Re2 Rxe2 28. Bxe2 Qxe2 29. Qxe2 Rxe2 30. f5 d3 31. Rd1 d2 32. Kf1 Rxh2 33. fxg6 Rh1+ 34. Ke2 Rxd1 35. Kxd1 Bc3 36. gxf7+ Kxf7 37. g4 Kg6 38. b4 cxb4 39. g5 b3 40. Ke2 b2 41. Kd3 d1=Q+ 42. Kxc3 b1=Q 43. Kc4 Qbd3+ 44. Kc5 Q1c2+ 45. Kb6 Qa6# 0-1

[Event "Winnipeg TNT August op"]
[Site "Winnipeg CAN"]
[Date "2009.08.18"]
[Round "3"]
[White "Keer, Keer"]
[Black "Czarny, Keith"]
[Result "0-1"]
[WhiteElo "1433"]
[BlackElo "1626"]
[PlyCount "106"]
[GameId "2160767910093383"]
[EventDate "2009.08.04"]
[EventType "swiss"]
[EventRounds "4"]
[EventCountry "CAN"]
[SourceTitle "EXT 2011"]
[Source "ChessBase"]
[SourceDate "2011.11.26"]
[SourceVersion "1"]
[SourceVersionDate "2011.11.26"]
[SourceQuality "1"]

1. e4 Nf6 2. Nc3 c6 3. d3 g6 4. Nf3 Bg7 5. g3 O-O 6. Bg2 d6 7. O-O Bd7 8. Re1 Qc8 9. e5 dxe5 10. Nxe5 Bh3 11. d4 Bxg2 12. Kxg2 Rd8 13. Bg5 Nbd7 14. Nxd7 Rxd7 15. Na4 h6 16. Bxf6 Bxf6 17. Nc5 Rxd4 18. Qc1 Qf5 19. Nb3 Rc4 20. c3 h5 21. Qd2 h4 22. h3 Kg7 23. g4 Rxg4+ 24. hxg4 Qxg4+ 25. Kf1 h3 26. Qe3 h2 27. f3 h1=Q+ 28. Ke2 Qgg2+ 29. Kd3 Rd8+ 30. Nd4 Qhh3 31. Kc4 e5 32. Ne2 Qgxf3 33. Qxa7 Qd3+ 34. Kb3 Qhd7 35. Rad1 Q7d5+ 36. Ka3 Be7+ 37. b4 Bxb4+ 38. Kb2 Qxd1 39. Rxd1 Qxd1 40. cxb4 Qxe2+ 41. Kb3 Rd3+ 42. Kc4 Ra3+ 43. Kc5 Rxa7 44. Kb6 Qa6+ 45. Kc7 b5+ 46. Kd6 c5+ 47. Kxc5 Rc7+ 48. Kd5 Qe6+ 49. Ke4 Rc4+ 50. Kd3 e4+ 51. Ke3 Qh3+ 52. Kf4 f6 53. a4 g5# 0-1

[Event "Winnipeg TNT August op"]
[Site "Winnipeg CAN"]
[Date "2009.08.18"]
[Round "3"]
[White "Khedkar, Jay S"]
[Black "Wasserman, Arie"]
[Result "1-0"]
[WhiteElo "2008"]
[BlackElo "1698"]
[PlyCount "53"]
[GameId "2160767910093384"]
[EventDate "2009.08.04"]
[EventType "swiss"]
[EventRounds "4"]
[EventCountry "CAN"]
[SourceTitle "EXT 2011"]
[Source "ChessBase"]
[SourceDate "2011.11.26"]
[SourceVersion "1"]
[SourceVersionDate "2011.11.26"]
[SourceQuality "1"]

1. e4 e5 2. f4 Nc6 3. Nf3 d6 4. Nc3 Bg4 5. Bb5 a6 6. Bxc6+ bxc6 7. O-O Nf6 8. d4 exd4 9. Qxd4 Nd7 10. Qa4 c5 11. Nd5 Be7 12. e5 O-O 13. Qe4 f5 14. Nxe7+ Qxe7 15. Qd5+ Kh8 16. exd6 cxd6 17. Re1 Bxf3 18. Rxe7 Bxd5 19. Rxd7 Rf6 20. Bd2 Re8 21. Kf2 Bc6 22. Rc7 Bb5 23. Re1 Rxe1 24. Bxe1 Re6 25. Bc3 Re2+ 26. Kf3 h5 27. a4 1-0

[Event "Winnipeg TNT August op"]
[Site "Winnipeg CAN"]
[Date "2009.08.18"]
[Round "3"]
[White "Lipic, Stephen"]
[Black "Zaczek, Jonathon"]
[Result "0-1"]
[WhiteElo "1717"]
[BlackElo "2121"]
[PlyCount "52"]
[GameId "2160767910093385"]
[EventDate "2009.08.04"]
[EventType "swiss"]
[EventRounds "4"]
[EventCountry "CAN"]
[SourceTitle "EXT 2011"]
[Source "ChessBase"]
[SourceDate "2011.11.26"]
[SourceVersion "1"]
[SourceVersionDate "2011.11.26"]
[SourceQuality "1"]

1. f4 d5 2. Nf3 Nf6 3. d3 c6 4. c3 Qc7 5. Qc2 Nbd7 6. e4 dxe4 7. dxe4 e5 8. Bc4 Bd6 9. f5 Nc5 10. Nbd2 b5 11. b4 bxc4 12. bxc5 Bxc5 13. Nxc4 Ba6 14. Be3 Bxe3 15. Nxe3 O-O 16. c4 Qa5+ 17. Qd2 Qc5 18. O-O-O Qa3+ 19. Kb1 Nxe4 20. Qc1 Qc3 21. a3 Rab8+ 22. Ka2 Rb7 23. Ne1 Qb3+ 24. Ka1 Nc3 25. Rd2 Qb1+ 26. Qxb1 Rxb1# 0-1

[Event "Winnipeg TNT August op"]
[Site "Winnipeg CAN"]
[Date "2009.08.18"]
[Round "3"]
[White "Ott, Richard"]
[Black "Bince, Rolando"]
[Result "0-1"]
[WhiteElo "1483"]
[BlackElo "2086"]
[PlyCount "64"]
[GameId "2160767910093386"]
[EventDate "2009.08.04"]
[EventType "swiss"]
[EventRounds "4"]
[EventCountry "CAN"]
[SourceTitle "EXT 2011"]
[Source "ChessBase"]
[SourceDate "2011.11.26"]
[SourceVersion "1"]
[SourceVersionDate "2011.11.26"]
[SourceQuality "1"]

1. d4 Nf6 2. Nf3 d5 3. Nc3 c6 4. e3 Bg4 5. h3 Bh5 6. g4 Bg6 7. Bd3 Ne4 8. Bxe4 Bxe4 9. Bd2 f5 10. gxf5 Bxf5 11. Ne5 Nd7 12. Qf3 e6 13. O-O-O Nxe5 14. dxe5 Qc7 15. Ne2 Be4 16. Qg4 Bxh1 17. Rxh1 Qf7 18. Nf4 Kd7 19. Rd1 g6 20. Bc3 Qf5 21. Qe2 Bc5 22. Nd3 Bb6 23. a4 a5 24. Be1 Kc7 25. Nf4 Rhf8 26. Qd2 g5 27. Nd3 Qe4 28. b3 h6 29. Qc3 d4 30. Qc4 Qd5 31. Qxd5 cxd5 32. exd4 Rf3 0-1

[Event "Winnipeg TNT August op"]
[Site "Winnipeg CAN"]
[Date "2009.08.18"]
[Round "3"]
[White "Rutter, Blair"]
[Black "Pang, Michael"]
[Result "1-0"]
[WhiteElo "1810"]
[BlackElo "1612"]
[PlyCount "39"]
[GameId "2160767910093387"]
[EventDate "2009.08.04"]
[EventType "swiss"]
[EventRounds "4"]
[EventCountry "CAN"]
[SourceTitle "EXT 2011"]
[Source "ChessBase"]
[SourceDate "2011.11.26"]
[SourceVersion "1"]
[SourceVersionDate "2011.11.26"]
[SourceQuality "1"]

1. c4 e5 2. g3 Nf6 3. Bg2 Nc6 4. e4 Bc5 5. Ne2 O-O 6. O-O d6 7. h3 Be6 8. d3 Nd7 9. Kh2 f5 10. f4 Bb6 11. Nbc3 fxe4 12. Nxe4 Nc5 13. Ng5 Qd7 14. Nc3 Rae8 15. Nce4 Kh8 16. a3 h6 17. Nxc5 Bxc5 18. Qh5 Kg8 19. Nxe6 Rxe6 20. Bd5 1-0

[Event "Winnipeg TNT August op"]
[Site "Winnipeg CAN"]
[Date "2009.08.18"]
[Round "3"]
[White "Schulz, Waldemar"]
[Black "Milord, Frank"]
[Result "1-0"]
[WhiteElo "2027"]
[BlackElo "1647"]
[PlyCount "65"]
[GameId "2160767910093388"]
[EventDate "2009.08.04"]
[EventType "swiss"]
[EventRounds "4"]
[EventCountry "CAN"]
[SourceTitle "EXT 2011"]
[Source "ChessBase"]
[SourceDate "2011.11.26"]
[SourceVersion "1"]
[SourceVersionDate "2011.11.26"]
[SourceQuality "1"]

1. Nf3 Nf6 2. c4 c6 3. d4 d5 4. e3 a6 5. a4 e6 6. Nc3 a5 7. Be2 Bd6 8. O-O Nbd7 9. b3 O-O 10. Bb2 Re8 11. Rc1 Nf8 12. Qc2 h6 13. Bd3 N8h7 14. Ne5 c5 15. Nb5 Nf8 16. Nxd6 Qxd6 17. cxd5 Nxd5 18. Qxc5 Qxc5 19. Rxc5 Nd7 20. Nxd7 Bxd7 21. Ba3 b6 22. Rc2 f5 23. Rfc1 Rac8 24. Kf1 Kf7 25. Ke1 Nb4 26. Bxb4 axb4 27. Rc7 Rxc7 28. Rxc7 Rd8 29. Bb5 Ke8 30. Rxd7 Rxd7 31. Kd2 Kd8 32. Bxd7 Kxd7 33. Kd3 1-0

[Event "Winnipeg TNT August op"]
[Site "Winnipeg CAN"]
[Date "2009.08.18"]
[Round "3"]
[White "Swift, Ryne"]
[Black "Magnusson, Saul"]
[Result "1-0"]
[WhiteElo "1779"]
[BlackElo "1564"]
[PlyCount "107"]
[GameId "2160767910093389"]
[EventDate "2009.08.04"]
[EventType "swiss"]
[EventRounds "4"]
[EventCountry "CAN"]
[SourceTitle "EXT 2011"]
[Source "ChessBase"]
[SourceDate "2011.11.26"]
[SourceVersion "1"]
[SourceVersionDate "2011.11.26"]
[SourceQuality "1"]

1. e4 e5 2. Nf3 Nc6 3. d4 exd4 4. Nxd4 Nf6 5. Nc3 Bb4 6. Nxc6 bxc6 7. Bd3 d5 8. exd5 cxd5 9. Bg5 c6 10. O-O O-O 11. a3 Be7 12. Re1 Be6 13. Qd2 Re8 14. Rad1 Qc7 15. h3 Rab8 16. b3 Qd7 17. Nb1 Kh8 18. Qf4 Ng8 19. Qh4 Bf5 20. Bxf5 Qxf5 21. Bxe7 Rxe7 22. Rxe7 Nxe7 23. Qxe7 Qxc2 24. Re1 h6 25. b4 d4 26. Qd6 Rb5 27. Qxd4 Rd5 28. Qc3 Qg6 29. Nd2 Rd3 30. Re8+ Kh7 31. Qc2 Rxa3 32. Qxg6+ Kxg6 33. Rc8 Ra1+ 34. Kh2 Rc1 35. b5 Kf5 36. Rxc6 Rxc6 37. bxc6 Ke6 38. Nc4 f5 39. Kg3 g5 40. Kf3 h5 41. g4 fxg4+ 42. hxg4 h4 43. Kg2 Ke7 44. Kh3 Kd8 45. Na5 Kc7 46. f4 gxf4 47. Kxh4 Kd6 48. g5 Ke5 49. c7 f3 50. c8=Q Kd4 51. Qa8 Ke3 52. Qxa7+ Ke2 53. Kg3 Kf1 54. Qf2# 1-0

[Event "Winnipeg TNT August op"]
[Site "Winnipeg CAN"]
[Date "2009.08.18"]
[Round "3"]
[White "Wasserman, Leor"]
[Black "Klokow, John"]
[Result "0-1"]
[WhiteElo "1650"]
[BlackElo "1774"]
[PlyCount "88"]
[GameId "2160767910093390"]
[EventDate "2009.08.04"]
[EventType "swiss"]
[EventRounds "4"]
[EventCountry "CAN"]
[SourceTitle "EXT 2011"]
[Source "ChessBase"]
[SourceDate "2011.11.26"]
[SourceVersion "1"]
[SourceVersionDate "2011.11.26"]
[SourceQuality "1"]

1. e4 e5 2. Nf3 Nc6 3. Bc4 Nf6 4. Ng5 Bc5 5. Nxf7 Bxf2+ 6. Kxf2 Nxe4+ 7. Ke3 Qh4 8. Qf3 Ng5 9. Nxg5 Qxg5+ 10. Kd3 d5 11. Bxd5 Nb4+ 12. Kc3 Rf8 13. Qe4 Rf4 14. d3 Rxe4 15. Bxg5 Nxd5+ 16. Kb3 Rg4 17. h4 h6 18. Bd2 Be6 19. c4 Ne7 20. Rh2 O-O-O 21. Kc2 Bf5 22. Rh3 Rxc4+ 23. Nc3 Rcd4 24. Rhh1 Rxd3 25. Kb3 Rxd2 26. Rac1 Be6+ 27. Ka3 R8d6 28. Nb5 Ra6+ 29. Kb4 Rxb2+ 30. Kc3 Rxb5 31. Kd3 Rb4 32. Ke2 Rxa2+ 33. Kf3 Ra3+ 34. Kf2 Rb2+ 35. Kg1 Raa2 36. Kf1 e4 37. g4 Bxg4 38. Kg1 e3 39. Kf1 Rf2+ 40. Kg1 Rg2+ 41. Kf1 Nc6 42. h5 Ne5 43. Ke1 Nd3+ 44. Kf1 Raf2# 0-1

[Event "Winnipeg TNT August op"]
[Site "Winnipeg CAN"]
[Date "2009.08.25"]
[Round "4"]
[White "Czarny, Keith"]
[Black "Greenberg, Harley"]
[Result "0-1"]
[WhiteElo "1626"]
[BlackElo "1782"]
[PlyCount "52"]
[GameId "2160767910093391"]
[EventDate "2009.08.04"]
[EventType "swiss"]
[EventRounds "4"]
[EventCountry "CAN"]
[SourceTitle "EXT 2011"]
[Source "ChessBase"]
[SourceDate "2011.11.26"]
[SourceVersion "1"]
[SourceVersionDate "2011.11.26"]
[SourceQuality "1"]

1. c4 Nf6 2. d4 e6 3. Nc3 Bb4 4. Qc2 d5 5. a3 Bxc3+ 6. bxc3 b6 7. Nf3 Bb7 8. Qa4+ Bc6 9. Qb4 a5 10. Qb3 dxc4 11. Qxc4 O-O 12. Ne5 Bd5 13. Qd3 Nbd7 14. Bg5 Qe8 15. Qg3 Ne4 16. Qg4 Nxg5 17. Nxd7 Qxd7 18. Qxg5 Qc6 19. Rc1 f6 20. Qg4 e5 21. c4 Rad8 22. e3 exd4 23. Bd3 dxe3 24. Qh5 exf2+ 25. Kf1 Bxg2+ 26. Kxf2 Rxd3 0-1

[Event "Winnipeg TNT August op"]
[Site "Winnipeg CAN"]
[Date "2009.08.25"]
[Round "4"]
[White "De Groot, Steven"]
[Black "Boron, Anthony"]
[Result "0-1"]
[WhiteElo "1680"]
[BlackElo "2015"]
[PlyCount "42"]
[GameId "2160767910093392"]
[EventDate "2009.08.04"]
[EventType "swiss"]
[EventRounds "4"]
[EventCountry "CAN"]
[SourceTitle "EXT 2011"]
[Source "ChessBase"]
[SourceDate "2011.11.26"]
[SourceVersion "1"]
[SourceVersionDate "2011.11.26"]
[SourceQuality "1"]

1. e4 c5 2. Nf3 e6 3. d4 cxd4 4. Nxd4 Nf6 5. Bd3 Nc6 6. Nb3 d5 7. Qe2 dxe4 8. Bxe4 Nxe4 9. Qxe4 Bb4+ 10. c3 Bd6 11. O-O O-O 12. Be3 Qc7 13. f4 b6 14. N1d2 Bb7 15. Qa4 Ne7 16. Nd4 Nd5 17. Nc4 Nxe3 18. Nxe3 Bxf4 19. Rae1 Bxh2+ 20. Kh1 Bg3 21. Rd1 Qe5 0-1